000
00306nam a2200109Ia 4500
008
200302s9999 xx 000 0 und d
100
_a
Madu Kui and Christian N Madu ed
245
_a
Handbook of sustainability management
260
_b
World Scientific Publishing Pvt., Ltd.,
260
_c
2012
300
_a
899
999
_c
6190
_d
6190